000 00401nam a22001217a 4500
999 _c1020
_d1020
005 20200821091000.0
008 200821b ||||| |||| 00| 0 eng d
020 _a10802
040 _cCML
245 _aAntioch College: Its Design for Liberal Education.
_cHenderson, A.D. & Hall, D.
260 _aLondon
_bHapper & Brothers Publishers
_c1946
942 _2ddc
_cBK
_e1st Edition
_h378.7
_mHEN